|
|
|
|
| LEADER |
00907nam a22001817a 4500 |
| 008 |
130624b xxu||||| |||| 00| 0 eng d |
| 999 |
|
|
|c 228
|d 228
|
| 082 |
|
|
|a 297.125
|b ALA
|
| 100 |
|
|
|a അലവി സഖാഫി, കൊളത്തൂ൪
|
| 240 |
|
|
|a Thavassul isthigasa charithrathodu nerkkuner
|
| 245 |
|
|
|a തവസ്സുുല് ഇസ്തിഗാസ ചരിത്രത്തോട് നേ൪ക്കുനേ൪ /
|c കൊളത്തൂ൪ അലവി സഖാഫി
|
| 260 |
|
|
|a കോഴിക്കോട് :
|b ഇസ്ലാമിക് പബ്ലിഷിംഗ് ബ്യൂറോ,
|c 2011.
|
| 300 |
|
|
|a 154p.
|
| 650 |
|
|
|a ഇസ്ലാം
|
| 650 |
|
|
|a ഹദീസ്
|
| 700 |
|
|
|a Alavi Saqafi, Kolathoor
|
| 942 |
|
|
|2 ddc
|c BK
|
| 952 |
|
|
|0 0
|1 0
|2 ddc
|4 0
|6 297_125000000000000_ALA
|7 0
|9 222
|a MAIN
|b MAIN
|d 2013-06-24
|g 30.00
|l 1
|o 297.125 ALA
|p 341
|r 2015-11-09
|s 2015-09-18
|w 2013-06-24
|y BK
|